000
003150000a22001450004500
003
MACL
040
_a
MACL
090
_c
32571
_d
32569
100
_a
Jhabvala, Noshirvan H.
245
_a
The elements of Jurisprudence 1999
260
_b
C. jamnadas & Co
350
_a
115
650
_a
Law
942
_c
BOOK
_k
340/Jha
999
_c
32238
_d
32238